| 000 | 01400nam a2200241Ia 4500 | ||
|---|---|---|---|
| 003 | Ost | ||
| 005 | 20260507075148.0 | ||
| 008 | 260507s9999||||xx |||||||||||||| ||und|| | ||
| 020 | _a1095422977 | ||
| 040 | _cfsecg | ||
| 041 | _aara | ||
| 082 | _a330 | ||
| 100 |
_aعبد العظيم، محمد _eمؤلف |
||
| 245 | 0 |
_aالتسويق الالكتروني / _c محمد عبد العظيم |
|
| 260 |
_aالاسكندرية: _bالدار الجامعية, _c2008 |
||
| 300 |
_a402 صفحة؛ _bإيضاحات ؛ _c25 سم |
||
| 504 | _aمراجع ص.389 | ||
| 520 | _aالتسويق في العصر الرقمي ، مقدمة التسويق الالكتروني والمفاهيم الاساسية له ، استخدامات الانترنيت و اسهاماتها كأداة تسويقية ، المزيج التسويقي و سلوك المستهلك عبر الانترنيت ، آليات ممارسة التسويق الالكتروني ، مع منافعه و عوائقه، المنتجات و الاسواق الالكترونية ، خطة التسويق الالكتروني و إستراتيجيته ، التسويق المستقبلي في عصر الانترنيت ، التسويق الالكتروني عبر الاتنرنيت | ||
| 653 | _aالتسويق | ||
| 653 | _aالتسويق الالكتروني | ||
| 653 | _aالتسويق الرقمي | ||
| 942 | _cكتاب | ||
| 999 |
_c43325 _d43325 |
||